Word Ladder: Aces and Eights Quiz Stats

Quiz Updated Nov 30, 2017

Challenge
Share
Tweet
Embed
Score 0/40 Timer 05:00
3 Plays Today
Clue Word % Correct
Quit on a poker handFOLD
95.6%
Pass out poker cardsDEAL
91.6%
Recover from injuryHEAL
90.4%
End of day school sound (traditionally)BELL
90.3%
Jerry Garcia's band - The Grateful ____DEAD
89.1%
With a better hand, an alternative to the aboveHOLD
87.7%
InfernoHELL
87.4%
Had in one's graspHELD
87.1%
To give something which must be returnedLEND
86.1%
Repair clothingMEND
85.4%
Invoice for utilities or servicesBILL
83.9%
Greetings, my Chilean friendHOLA
83.8%
Tonight Show host who succeeded Carson and O'BrienLENO
82.7%
____ and TellSHOW
82.3%
At what time?WHEN
82.1%
Liquor serving that is drunk straight from a small glassSHOT
82%
Force beneath Bette Midler's wingsWIND
81.9%
Ship's lavatoryHEAD
81.4%
'Coming of Age in Samoa' anthropologist MargaretMEAD
79.8%
To join metals by heatingWELD
79%
Clue Word % Correct
2005 dog movie, 'Because of ___-Dixie'WINN
78%
Unit used to measure a horse's heightHAND
77%
Word expressing reliefWHEW
76.7%
Playing card that can be used for any other valueWILD
75.7%
Army grubCHOW
75.1%
MasticateCHEW
74.6%
Nietzschean concept: ___ to PowerWILL
74%
Wife of ZeusHERA
73.3%
Type of 60s rock played by the Byrds and DylanFOLK
72.4%
To go; travel a routeWEND
72.1%
Vienna, in ViennaWIEN
70.8%
A male red deer is a hart; a female is thisHIND
69.4%
Classic SNL - 'Pumping Up With ____ and Franz'HANS
68%
Balkan circle danceHORA
67.5%
Le ____; French city that hosts 24 hour motor racesMANS
64.7%
Bar of text commands at the top of a windowMENU
63.7%
San Antonio Spurs' GinobiliMANU
58.4%
Carey song or Hoffman movieHERO
54.8%
Japanese WWII plane; the Allies called it a 'Zeke'ZERO
45.2%
Greek philosopher noted for paradoxesZENO
44.9%

Today's Daily Dose

Word Ladder
KISS Hit

On This Day
January 22nd

You're not logged in!

Compare scores with friends on all Sporcle quizzes.
Sign Up with Email
OR
Log In

You Might Also Like...

Show Comments

Extras

Top Quizzes Today


Score Distribution

Your Account Isn't Verified!

In order to create a playlist on Sporcle, you need to verify the email address you used during registration. Go to your Sporcle Settings to finish the process.